[Event "Caxambu op"]
[Site "Caxambu"]
[Date "2023.07.21"]
[Round "2"]
[White "Paulino Paula, Antonio Carlos"]
[Black "Sampaio, Andre Luiz"]
[Result "0-1"]
[WhiteElo "1800"]
[BlackElo "1619"]
[PlyCount "64"]
[EventDate "2023.07.20"]
[EventType "swiss"]
[EventRounds "7"]
[EventCountry "BRA"]
[SourceTitle "CBM 215 Extra"]
[Source "ChessBase"]
[SourceDate "2023.09.30"]
[SourceVersion "1"]
[SourceVersionDate "2023.09.30"]
[SourceQuality "1"]

1. e4 c5 2. c4 e5 3. Nf3 d6 4. Nc3 Nf6 5. d3 h6 6. Be2 Nc6 7. h3 Be7 8. 0-0 Be6 9. Nd5 Qd7 10. Kh2 Bxd5 11. cxd5 Nb4 12. a3 Na6 13. Bd2 g5 14. Ng1 0-0-0 15. b4 Rdg8 16. Bg4 Nxg4+ 17. Qxg4 Qxg4 18. hxg4 h5 19. gxh5 Rxh5+ 20. Kg3 g4 21. Rfd1 Bh4+ 22. Kh2 Bxf2+ 23. Nh3 gxh3 24. g4 Rxg4 25. Rf1 Rg2+ 26. Kh1 Bg3 27. Be1 Rg5 28. Bxg3 R5xg3 29. b5 Rxd3 30. bxa6 Rdd2 31. axb7+ Kb8 32. Rxf7 Rh2+ 0-1